00291 2200133 4500001002100000005001500021035002000036245003600056300000800092260002500100082000800125084001200133990001200145INLIS00000000000207520250527094919 a0010-0525000367 aHumor Setanggi /cHardius Usman a234 bMurai Kencana,c2000 a813 a813 HUM a0712499